000 00700nam a2200265Ia 4500
003 OSt
005 20220912152451.0
006 a|||||r|||| 00| 0
007 ta
008 220909b |||||||| |||| 00| 0 eng d
024 _a45774
037 _cTextual
040 _aCSL
_beng
_cCSL
041 _aeng
082 _aD65,8(B):9, K3
100 _aBazilevskii Yu Ya Ed.
245 0 _aTheory of mathematical machines
260 _c1963
300 _ap.
_ccm.
650 _aCpmputer science
700 _a Hoare C A R Tr.
700 _a Jackson J M Tr.
942 _hD65,8(B):9, K3
_cTEXL
_2CC
999 _c86787
_d86787